000 00413nam a2200169Ia 4500
008 221030s9999 xx 000 0 und d
020 _a812591160X
041 _aEnglish
082 _a105.23
_bLit
100 _aM. Litvin
245 0 _aProgramming in C++
_cby M. Litvin, G. Litvin
260 _bVikas Pub House
_aNew Delhi
_c2001
300 _a300
650 _aBE Computer
700 _aG. Litvin
942 _cBK
999 _c7972
_d7972